| 000 | 00578nam a2200217 a 4500 | ||
|---|---|---|---|
| 001 | 74569 | ||
| 003 | BD-RjUL | ||
| 005 | 20211209082554.0 | ||
| 008 | 181028s1953 u a|||| i||| 001 0 eng d | ||
| 035 | _a(BD-RjUL) | ||
| 040 |
_aBD-RjUL _beng _cBD-RjUL |
||
| 041 | _aeng | ||
| 082 |
_a551 _bREG 1953 |
||
| 100 | _4Read, H.H. | ||
| 245 |
_aGeology : an introduction to earth-history / _cH.H. Read |
||
| 260 |
_aLondon : _bOxford University Press , _c1953 |
||
| 300 |
_a248 p. : _billutration _c17 cm |
||
| 500 | _aIncludes Index | ||
| 650 |
_aGeology _9224291 |
||
| 942 |
_2ddc _cBK |
||
| 999 |
_c74569 _d74569 |
||